000 00482nam a2200193Ia 4500
005 20140402152514.0
008 140130s9999 xx 000 0 und d
020 _a0439670225
050 _aPZ 7
_b.K46843Blu 2006
100 _aKerr, P. B.
_931266
245 _cP. B. Kerr.
_aThe Blue Djinn Of Babylon /
260 _bScholastic,
_c2006.
_aUSA :
300 _a371 p. :
_c21 cm.
440 _v1
_931174
521 _aG8
526 _c940
942 _cBK
_2lcc
999 _c41293
_d41293